|
|
|
|
| LEADER |
00000nam0a2200000 4500 |
| 001 |
138384 |
| 005 |
20231101220735.0 |
| 010 |
|
|
|a 5343007066
|
| 020 |
|
|
|a RU
|b 91-44913
|
| 035 |
|
|
|a (RuTPU)RU\TPU\book\149945
|
| 090 |
|
|
|a 138384
|
| 100 |
|
|
|a 20080524d1991 k y0rusy5003 ca
|
| 101 |
0 |
|
|a rus
|
| 102 |
|
|
|a BY
|
| 105 |
|
|
|a a z 001zy
|
| 200 |
1 |
|
|a Методы выращивания кристаллов из растворов
|f В. В. Клубович, Н. К. Толочко
|g Академия наук Белорусской ССР (АН БССР), Институт физики твердого тела и полупроводников, Витебское отделение
|
| 210 |
|
|
|a Минск
|c Наука и техника
|d 1991
|
| 215 |
|
|
|a 296 с.
|c ил.
|
| 320 |
|
|
|a Библиография: с. 280-293.
|
| 606 |
1 |
|
|a Кристаллизация из растворов
|x (кристаллография)
|2 stltpush
|3 (RuTPU)RU\TPU\subj\69309
|9 84220
|
| 610 |
1 |
|
|a выращивание
|
| 610 |
1 |
|
|a кристаллизация
|
| 610 |
1 |
|
|a питающие среды
|
| 610 |
1 |
|
|a растворы
|
| 610 |
1 |
|
|a симметрия
|
| 610 |
1 |
|
|a кристаллы
|
| 675 |
|
|
|a 548.52
|z rus
|
| 700 |
|
1 |
|a Клубович
|b В. В.
|g Владимир Владимирович
|4 070
|
| 701 |
|
1 |
|a Толочко
|b Н. К.
|g Николай Константинович
|4 070
|
| 712 |
0 |
2 |
|a Академия наук Белорусской ССР (АН БССР)
|b Институт физики твердого тела и полупроводников
|b Витебское отделение
|2 stltpush
|3 (RuTPU)RU\TPU\col\13644
|
| 801 |
|
0 |
|a RU
|b RuMRKP
|c 19950417
|g psbo
|
| 801 |
|
1 |
|a RU
|b 63413507
|c 20080524
|g PSBO
|
| 801 |
|
2 |
|a RU
|b 63413507
|c 20200821
|g PSBO
|
| 942 |
|
|
|c BK
|